000 01177nam a22002417a 4500
999 _c7423
_d7423
001 21011
003 BD-DhUAP
005 20210121144306.0
008 210121s2020 bg a|||| |||| 000 0 ben d
020 _a9847007609520
040 _aBD-DhUAP
_bBen
_cBD-DhUAP
_dBD-DhUAP
082 _223
_a923.1 BAN
245 _aবঙ্গবন্ধু বললেন /
_cমুহম্মদ শফিকুর রহমান কর্তৃক সঙ্কলিত ; ফরিদ হোসেন কর্তৃক অনূদিত।
250 _aমুজিববর্ষ সং.।
260 _aঢাকা :
_bবাংলাদেশ শিশু একাডেমি,
_cc২০২০।
300 _a৪০ পৃষ্ঠা :
_bচিত্র ;
_c২৮ সেমি.।
490 _aজাতির পিতা বঙ্গবন্ধু শেখ মুজিবুর রহমান শিশু-গ্রন্থমালা ১৩।
600 _aRahman, Shekik Mujibur
_d1920-1975
_vBiography.
650 _aPolitician
_vBiography.
700 _aরহমান, শফিকুর।
700 _aহোসেন, ফরিদ।
942 _2ddc
_cBK